Electromagnetism
שמור ב:
| Main Authors: | , |
|---|---|
| פורמט: | ספר |
| שפה: | אנגלית |
| יצא לאור: |
Nueva York
McGraw-Hill
1947
|
| סדרה: | International Series in Pure and Applied Physics
|
| נושאים: | |
| תגים: |
הוספת תג
אין תגיות, היה/י הראשונ/ה לתייג את הרשומה!
|
MARC
| LEADER | 00000nam a2200000 a 4500 | ||
|---|---|---|---|
| 001 | UCU3741 | ||
| 003 | CL-VaPUC | ||
| 008 | 960510e19470000US |||||||||||||||||eng|d | ||
| 082 | 0 | 4 | |a 537 |b SLA |2 21 |
| 100 | 0 | |a Slater, John C |e author |9 360847 | |
| 700 | 0 | |a Frank, Nathaniel H |e author |9 360848 | |
| 245 | 1 | 0 | |a Electromagnetism |
| 300 | |a 240 p | ||
| 942 | |c BK | ||
| 945 | |d 19960510 00:00:00 |a paguirre | ||
| 260 | |a Nueva York |b McGraw-Hill |c 1947 | ||
| 650 | 0 | |a Electromagnetismo |9 260123 | |
| 650 | 7 | |a CAMPOS MAGNETICOS |2 CL-VaPUC |9 360849 | |
| 650 | 0 | |a Propagación de ondas |9 263256 | |
| 650 | 7 | |a DISPERSION ELECTROMAGNETICA |2 CL-VaPUC |9 360618 | |
| 583 | |a last modification |c 19960510 00:00:00 |k Rodrigo Vera | ||
| 490 | 0 | |a International Series in Pure and Applied Physics | |
| 999 | |c 247646 |d 247644 | ||